000 00629 a2200169 4500
020 _a0070017905
040 _aDLC
_bDLC
082 0 0 _a515.0285369
245 0 0 _aCalculus projects using Mathematica
_cAlfred D. Andrew ... [et al.].
260 _aNew York :
_bMcGraw-Hill,
_cc1996.
300 _a200 p. :
_bill ;
_c26 cm.
650 0 _aCalculus
_xComputer-assisted instruction.
700 1 _aAndrew, Alfred D.,
_d1946-
856 4 2 _3Publisher description
_uhttp://www.loc.gov/catdir/description/mh022/95081741.html
856 4 2 _3Table of contents
_uhttp://www.loc.gov/catdir/toc/mh022/95081741.html
942 _cBK
_k515.0285369 AND
_2ddc
999 _c7545
_d7545